000 00686nam a2200241Ia 4500
003 OSt
005 20220918164313.0
006 a|||||r|||| 00| 0
007 ta
008 220917b |||||||| |||| 00| 0 eng d
020 _a0521371805
024 _a247,476
037 _cTextual
040 _aARTS
_cARTS
_beng
041 _2eng
_aeng
082 _aX5.21.K50<--J00, N0
100 _aSubrahmanyam Sanjay
_914436
245 0 _aPolitical economy of commerce southern India-1500-1650
260 _aNew York
_bCambridge Universtiy USA
_c1990
650 _aECONOMICS
942 _hX5.21.K50<--J00, N0
_cTEXL
_2CC
999 _c124124
_d124124